000 00679nam a2200217Ia 4500
003 OSt
005 20260109163908.0
008 220923b |||||||| |||| 00| 0 eng d
020 _a1859844219
037 _cGeneral Book
040 _aRTL
_cRTL
_beng
041 _2eng
_aeng
084 _aY:3(W81), P2
_qRTL
100 _aZizek Slavoj
_923619
245 0 _aWelcome to the desert of the real: five essays on September 11 and related dates
_b
260 _aLondon
_bVerso
_c2002
300 _a154 p.
_bIncludes bibliographical references and index.
650 _aSociology
_9863594
942 _hY:3(W81), P2
_cGB
_2CC
_n0
999 _c585333
_d585333